<?xml version="1.0" encoding="UTF-8"?>
<resp>
  <nextPage>https://data.bn.org.pl/api/networks/bibs.marcxml?marc=001+b00001150002986&amp;sinceId=1150002987</nextPage>
  <collection>
    <record xmlns='http://www.loc.gov/MARC21/slim'><leader>01180namZa2200361ZiZ4500</leader><controlfield tag='001'>b00001150002986</controlfield><controlfield tag='005'>20260403094914.9</controlfield><controlfield tag='008'>230609s        pl           |000 0 pol c</controlfield><controlfield tag='009'>9913261783105606</controlfield><datafield ind1=' ' ind2=' ' tag='020'><subfield code='a'>9788374765497</subfield></datafield><datafield ind1=' ' ind2=' ' tag='035'><subfield code='a'>KR_1KR_1_20120317225045066297-48omnis_kr</subfield></datafield><datafield ind1=' ' ind2=' ' tag='035'><subfield code='a'>KR_1_20120317225045066297</subfield><subfield code='9'>ExL</subfield></datafield><datafield ind1=' ' ind2=' ' tag='035'><subfield code='a'>(PL)b00001150002986</subfield></datafield><datafield ind1=' ' ind2=' ' tag='040'><subfield code='a'>KR_1</subfield><subfield code='c'>KR_1</subfield></datafield><datafield ind1='0' ind2=' ' tag='041'><subfield code='a'>polfre</subfield></datafield><datafield ind1='0' ind2='0' tag='245'><subfield code='a'>Słownik francusko-polski :</subfield><subfield code='b'>nowoczesne słownictwo i zwroty potoczne /</subfield><subfield code='c'>[oprac. Marek Zając].</subfield></datafield><datafield ind1=' ' ind2=' ' tag='260'><subfield code='a'>Polska :</subfield><subfield code='b'>Langenscheidt,</subfield><subfield code='c'>[2008].</subfield></datafield><datafield ind1=' ' ind2=' ' tag='300'><subfield code='a'>176 s. ;</subfield><subfield code='c'>15 cm.</subfield></datafield><datafield ind1=' ' ind2=' ' tag='336'><subfield code='a'>Tekst</subfield><subfield code='b'>txt</subfield><subfield code='2'>rdacontent</subfield></datafield><datafield ind1=' ' ind2=' ' tag='337'><subfield code='a'>Bez urządzenia pośredniczącego</subfield><subfield code='b'>n</subfield><subfield code='2'>rdamedia</subfield></datafield><datafield ind1=' ' ind2=' ' tag='338'><subfield code='a'>Wolumin</subfield><subfield code='b'>nc</subfield><subfield code='2'>rdacarrier</subfield></datafield><datafield ind1=' ' ind2=' ' tag='380'><subfield code='a'>Książki</subfield></datafield><datafield ind1='1' ind2=' ' tag='490'><subfield code='a'>Seria Słowników &quot;Gazety Wyborczej&quot;</subfield></datafield><datafield ind1=' ' ind2=' ' tag='500'><subfield code='a'>n</subfield></datafield><datafield ind1=' ' ind2='9' tag='650'><subfield code='a'>Słownik francusko-polski</subfield></datafield><datafield ind1='1' ind2=' ' tag='700'><subfield code='a'>Zając, Marek</subfield><subfield code='e'>Opracowanie</subfield></datafield><datafield ind1=' ' ind2=' ' tag='852'><subfield code='b'>48OMNIS_NETWORK</subfield><subfield code='8'>9913261783105606</subfield></datafield><datafield ind1=' ' ind2=' ' tag='852'><subfield code='b'>48UWM_INST</subfield><subfield code='8'>990011393800107411</subfield></datafield><datafield ind1=' ' ind2=' ' tag='852'><subfield code='8'>2269706610007411</subfield><subfield code='j'>1</subfield><subfield code='b'>BU</subfield><subfield code='p'>1093135M</subfield><subfield code='c'>DZKN</subfield><subfield code='z'>D/478/13</subfield></datafield><datafield ind1=' ' ind2=' ' tag='920'><subfield code='a'>978-83-7476-549-7</subfield></datafield></record>
  </collection>
</resp>
